| 000 | 00407nam a22001217a 4500 | ||
|---|---|---|---|
| 999 |
_c9413 _d9413 |
||
| 003 | OSt | ||
| 008 | 201203b ||||| |||| 00| 0 eng d | ||
| 245 | _aAsian Dyer | ||
| 250 | _a2010( Feb-Mar Vol.7 No.1, Apr-May Vol.7 No.2, Jun-Jul Vol.7 No.3, Aug-Sep Vol.7 No.4, Oct-Nov Vol.7 No.5) 2010 - 11( Dec-Jan Vol.7 No.6 ) | ||
| 260 |
_aMumbai _bTexchem Publication |
||
| 650 | _aTextile Engineering | ||
| 942 |
_2ddc _cBV |
||